Eco-logic : logic-based approaches to ecological modelling

Αποθηκεύτηκε σε:
Λεπτομέρειες βιβλιογραφικής εγγραφής
Άλλοι συγγραφείς: Robertson, David (David S.)
Μορφή: Βιβλίο
Γλώσσα:English
Δημοσίευση: Cambridge, Mass. : MIT Press, c1991
Σειρά:Logic programming
Θέματα:
Ετικέτες: Προσθήκη ετικέτας
Δεν υπάρχουν, Καταχωρήστε ετικέτα πρώτοι!

MARC

LEADER 00000cam a2200000 i 4500
001 1/28666
008 941103s1991 eng d
020 |a 0262181436 
035 |l 10038131 
035 |a 1993  |c ΠΑΝΑΓΙΩΤΟΠΟΥΛΟΣ 
040 |a GR-MY-UA  |b gre  |e aacr 
041 0 |a eng 
082 0 |a 574.50113  |2 (20) 
245 1 0 |a Eco-logic :  |b logic-based approaches to ecological modelling /  |c David Robertson ... [et al.] 
260 |a Cambridge, Mass. :   |b MIT Press,   |c c1991 
300 |a 243 p.;  |b ill.;  |c 24 cm 
490 1 |a Logic programming 
504 |a Includes bibliographical references (p. [217]-219) and index 
650 0 0 |a Ecology  |x Simulation methods. 
650 0 0 |a Prolog (Computer program language) 
650 0 0 |a Artificial intelligence. 
700 1 |a Robertson, David   |q (David S.) 
830 0 |a Logic programming 
852 |a INST  |b SAMOS  |e 19941103  |h 574.50113 ECO  |p 005300004087  |q 005300004087  |t BK  |y 0 
909 |a Σ  |b 029498